LEADER 01332nam0 22003011i 450 001 UON00529932 005 20260113110502.884 010 $a978-88-361-3607-0 100 $a20251203d2025 |0itac50 ba 101 $aita$aHEB 102 $aIT 105 $a|||| ||||| 200 1 $aˆIl ‰primo libro di Samuele a Qumran$fAndrea Ravasco 210 $aAlessandria$cEdizioni dell'Orso$d2025 215 $aXII, 263 p.$d24 cm. 410 1$1001UON00529935$12001 $aFilologia e Bibbia$emateriali per lo studio della storia del testo biblico$fcollana diretta da Corrado Martone$1210 $aAlessandria$cEdizioni dell'Orso$d2024-$v2 606 $aFilologia ebraica$3UONC042699$2FI 606 $aTesti biblici$xQumran$3UONC105309$2FI 620 $dAlessandria$3UONL000868 686 $aSEB III$cSTUDI EBRAICI - FILOLOGIA$2A 700 1$aRavasco$bAndrea$3UONV298118$01858131 712 $aEdizioni dell'Orso$3UONV248739$4650 801 $aIT$bSOL$c20260116$gRICA 899 $aSIBA - SISTEMA BIBLIOTECARIO DI ATENEO E ARCHIVIO STORICO$2UONSI 912 $aUON00529932 950 $aSIBA - SISTEMA BIBLIOTECARIO DI ATENEO E ARCHIVIO STORICO$dSI SEB III 102 N $eSI 53465 5 102 N $sBuono 996 $aPrimo libro di Samuele a Qumran$94459619 997 $aUNIOR